Communication skills for business professionals (Record no. 4981)

MARC details
000 -CABECERA
campo de control de longitud fija 03001nam a22003378i 4500
001 - NÚMERO DE CONTROL
campo de control 99119749717804341
005 - FECHA Y HORA DE LA ÚLTIMA TRANSACCIÓN
campo de control 20250923133646.0
008 - DATOS DE LONGITUD FIJA--INFORMACIÓN GENERAL
campo de control de longitud fija 250106s2025 enk 000 0 eng d
015 ## - NÚMERO DE BIBLIOGRAFÍA NACIONAL
Número de bibliografía nacional GBC502954
Fuente bnb
020 ## - NÚMERO INTERNACIONAL ESTÁNDAR DEL LIBRO
Número Internacional Estándar del Libro 9781009506960
Información calificativa Paperback
024 8# - IDENTIFICADOR DE OTROS ESTÁNDARES
Número estándar o código CIPO000184527
035 ## - NÚMERO DE CONTROL DEL SISTEMA
Número de control de sistema (OCoLC)1518030227
035 ## - NÚMERO DE CONTROL DEL SISTEMA
Número de control de sistema (OCoLC)on1518030227
040 ## - FUENTE DE LA CATALOGACIÓN
Centro catalogador/agencia de origen UKMGB
Lengua de catalogación eng
Normas de descripción rda
Centro/agencia transcriptor UKMGB
Centro/agencia modificador OCLCO
-- NLE
041 ## - CÓDIGO DE LENGUA
Código de lengua del texto/banda sonora o título independiente English
100 ## - ENTRADA PRINCIPAL--NOMBRE DE PERSONA
Nombre de persona Feekery, Angela,
Término indicativo de función/relación author.
9 (RLIN) 25958
245 10 - MENCIÓN DE TÍTULO
Título Communication skills for business professionals
Mención de responsabilidad, etc. / Angela Feekery, Shawn Michael Condon, Mieke Witsel.
250 ## - MENCIÓN DE EDICIÓN
Mención de edición Third edition.
264 #1 - PRODUCCIÓN, PUBLICACIÓN, DISTRIBUCIÓN, FABRICACIÓN Y COPYRIGHT
Producción, publicación, distribución, fabricación y copyright Cambridge :
Nombre del de productor, editor, distribuidor, fabricante Cambridge University Press,
Fecha de producción, publicación, distribución, fabricación o copyright 2025.
300 ## - DESCRIPCIÓN FÍSICA
Extensión 434 pages
500 ## - NOTA GENERAL
Nota general "Includes bonus enhanced ebook"--Cover.
505 ## - NOTA DE CONTENIDO CON FORMATO
Nota de contenido con formato Part 1 – Understanding communication —<br/>Exploring communication and decision-making —<br/>Exploring communication foundations —<br/>Communication as a process —<br/>Communicating persuasively —<br/><br/>Part 2 – Communicating in organisations —<br/>Exploring organisational structure and communication —<br/>Exploring diversity and communication —<br/>Communicating workplace change, conflict management and negotiation —<br/>Working collaboratively —<br/><br/>Part 3 – Professional communication strategies in practice —<br/>Engaging with information —<br/>Writing effective short messages —<br/>Crafting informative reports —<br/>Communicating in digital spaces —<br/>Speaking and presenting professionally —<br/>Facilitating effective meetings —<br/><br/>Glossary —<br/>Index.
520 ## - SUMARIO, ETC.
Sumario, etc. Effective communication is an essential skill all students need to succeed professionally. Based in theory and informed by practice, Communication Skills for Business Professionals takes readers through a range of basic communication concepts and demonstrates how they can be applied in business settings. The third edition has been restructured into three parts, respectively covering understanding communication, communicating in organisations and professional communication strategies in practice. The text has been updated to examine contemporary topics of increasing relevance, including the effects of AI on communication skills, intercultural competencies in business contexts and how to successfully facilitate virtual meetings in a post‒COVID-19 workplace. Each chapter includes short-answer questions, skill-builder activities and margin definitions to cement learning, while the two running case studies provide realistic examples of communication in practice. Communication Skills for Business Professionals remains an indispensable resource for business students wanting to improve their communication skills.
650 #0 - PUNTO DE ACCESO ADICIONAL DE MATERIA--TÉRMINO DE MATERIA
Término de materia o nombre geográfico como elemento de entrada Communication in management
Subdivisión geográfica Australia.
650 #0 - PUNTO DE ACCESO ADICIONAL DE MATERIA--TÉRMINO DE MATERIA
Término de materia o nombre geográfico como elemento de entrada Business communication
Subdivisión geográfica Australia.
650 #0 - PUNTO DE ACCESO ADICIONAL DE MATERIA--TÉRMINO DE MATERIA
Término de materia o nombre geográfico como elemento de entrada Communication in management
9 (RLIN) 2095
650 #0 - PUNTO DE ACCESO ADICIONAL DE MATERIA--TÉRMINO DE MATERIA
Término de materia o nombre geográfico como elemento de entrada Business communication
9 (RLIN) 4067
700 ## - ENTRADA AGREGADA--NOMBRE PERSONAL
Nombre de persona Condon, Shawn Michael,
Término indicativo de función/relación author.
9 (RLIN) 25959
700 ## - ENTRADA AGREGADA--NOMBRE PERSONAL
Nombre de persona Witsel, Mieke,
Término indicativo de función/relación author.
9 (RLIN) 25960
942 ## - ELEMENTOS DE ENTRADA AGREGADA (KOHA)
Fuente del sistema de clasificación o colocación Clasificación de Library of Congress
Holdings
Estado de retiro Estado de pérdida Fuente del sistema de clasificación o colocación Estado dañado No para préstamo Biblioteca de origen Biblioteca actual Fecha de adquisición Total de préstamos Signatura topográfica completa Código de barras Fecha visto por última vez Número de copia Precio válido a partir de Tipo de ítem Koha
    Clasificación de Library of Congress     TBS Barcelona TBS Barcelona 23/09/2025   HF5718 FEE B07599 23/09/2025 1 23/09/2025 Book

Powered by Koha